000 00437nam a2200181Ia 4500
001 31450
003 IN-NITTTR
005 20251114233421.0
008 251113s9999||||xx |||||||||||||| ||eng||
040 _beng
040 _cIN-NITTTR
041 _aeng
082 _a621.367 J334D
100 _aJayaraman, S.
245 0 _aDigital image processing /
_cJayaraman, S., Esakkirajan, S.
700 _a Esakkirajan, S.
942 _2ddc
_cBK
999 _c34080
_d34080